México vs Argentina - Estadísticas

Estadísticas generales
  • Esta prueba ha sido intentada 98 veces
  • La puntuación promedio es 10 de 15
Estadísticas de respuestas
Pregunta Respuesta % Correcto
¿Quien tiene mas población?
98%
¿Quien tiene mas sitios de Patrimonio Cultural de la Humanidad
86%
¿Quien tiene mas Premios Oscar?
82%
¿Quien tiene la mejor gastronomía?
80%
¿Quien tiene el salario mínimo mas alto?
77%
¿Quien tiene el PIB Nominal mas alto?
75%
¿Quien tiene mas territorio?
70%
¿Quien ganó?
70%
¿Quien tiene mas Premios Michelín?
66%
¿Quien tiene mas medallas olímpicas?
59%
¿Quien tiene mas IDH?
57%
¿Quien tiene mas Premios Nobel?
55%
¿Quien tiene el PIB per Cápita mas alto?
55%
¿Quien se independizo primero?
45%
¿Quien tiene mejor ejercito?
20%
No se encontraron pruebas coincidentes
Distribución de puntuación
Porcentaje de gente con cada puntuación
Porcentaje por número respondido
Historial de tus puntuaciones
No has intentado esta prueba.